| 000 | 00689nam a22002537a 4500 | ||
|---|---|---|---|
| 005 | 20240624162449.0 | ||
| 008 | 190916b2004 xxu||||| |||| 00| 0 spa d | ||
| 020 | _a9586483835 | ||
| 041 | _aESP | ||
| 082 | _a581.634 M519c | ||
| 100 | _aMéndez, Rosendo | ||
| 245 | _aCultivos orgánicos: su control biologico en plantas medicinales y aromáticas | ||
| 260 | _aColombia | ||
| 260 | _bEcoe Ediciones | ||
| 260 | _c2004 | ||
| 300 | _a168 páginas | ||
| 650 | _aPLANTAS MEDICINALES | ||
| 650 | _aAGRICULTURA BIOLÓGICA | ||
| 650 | _aPLANTAS AROMÁTICAS | ||
| 650 | _aCONTROL DE ENFERMEDADES | ||
| 650 | _aAGRICULTURA ORGÁNICA | ||
| 650 | _aALELOPATÍA | ||
| 942 |
_cBK _2ddc |
||
| 999 |
_c12323 _d12323 |
||